000 00320 a2200133 4500
082 _a291.37
090 _c6114
_d6114
100 _aGuenon,Rene.
245 _aFundamental Symbols.
_cRene Guenon.
260 _aLahore.
_bSuhail Academy.
_c2001.
300 _a325p.
500 _aHard cover
942 _aNBS
_cBK
_k291.37 GUE
999 _c348497
_d348497